ロード中...

Century of revolution 1603-1714

書誌詳細
第一著者: Hill, Christopher
フォーマット: Printed Book
出版事項: London Routledge 2012
主題:
LEADER 00421nam a22001337a 4500
020 |a 0415267390 
100 |a Hill, Christopher 
245 |a Century of revolution 1603-1714 
260 |a London  |b Routledge  |c 2012 
300 |a 355p 
650 |a Revolution 
942 |c BK 
999 |c 288540  |d 288540 
952 |0 0  |1 0  |4 0  |6 942_000000000000000_HIL_C  |7 0  |9 327947  |a HIS  |b HIS  |c ST1  |d 2014-01-28  |i 24108  |l 0  |o 942 HIL/C  |p HIS24108  |r 2018-08-23  |w 2018-08-23  |y BK